Piłkarze Reprezentacji Sierra Leone - nagła śmierć - Statystyki

Ogólne statystyki
  • Ten quiz został rozwiązany 11 razy
  • Średni wynik to 2 z 8
Answers on the Grid
Answers color-coded by a green-red scale on the quiz's grid according to % correct below.
Oscar Dorley
Augustus Kargbo
Haji Wrigh
Juma Bah
Mustapha Bundu
Ebrima Darboe
Osman Kakay
Jordan Zemura
Kei Kamara
Alhaji Kamara
Steven Caulker
Umaru Bangura
 
Statystyki odpowiedzi
Odpowiedź % Poprawnych
Kei Kamara
44%
Alhaji Kamara
33%
Osman Kakay
33%
Augustus Kargbo
22%
Steven Caulker
22%
Juma Bah
11%
Mustapha Bundu
11%
Umaru Bangura
11%
Nie znaleziono quizów pasujących do podanych kryteriów
Rozkład punktacji
Procent ludzi z każdym wynikiem
Percentyl według liczby udzielonych odpowiedzi
Twoja historia wyników
Nie rozwiązałeś tego quizu